000 00677cam1a220024100 4500
001 zam00003355
008 951128s1989 xx eng u
035 _a(Sirsi) r88031
035 _a(MACHINE)SLC.
100 _aMusgrave, R. A.
_6A47574.1
245 1 0 _aPublic finance-theory and practice.
260 _c1989.
949 _aMUS1-2PUB
_wlcc
_mMAIN
_tBOOK
_lON-SHELF
949 _aMUS1-2PUB
_wlcc
_mMAIN
_tBOOK
_lON-SHELF
004 88031
591 _aClass code: EC 345.
591 _aCourse: Public finance.
591 _aSchool: S05.
591 _aLecturer: Mr. MUKANDA, K.
591 _aNumber of Students: 0.
900 _2MAIN
_8MUS1-2PUB
_c2
909 _aBook
999 _c153720
_d153720